| 000 | 00479nam a2200193Ia 4500 | ||
|---|---|---|---|
| 005 | 20240823052618.0 | ||
| 008 | 240823s9999||||xx |||||||||||||| ||und|| | ||
| 020 | _a978-81-8209-165-8 | ||
| 041 | _aENGLISH | ||
| 082 | _A621.402 P9 | ||
| 100 | _aValan Arasu A | ||
| 245 | 0 | _aThermal Engineering | |
| 250 | _a1st | ||
| 260 |
_c2009 _bVijay Nicole Imprints Private Li |
||
| 500 | _aTRANSFERED | ||
| 650 |
_aThermal Engineering _bMechanical |
||
| 942 | _cBK | ||
| 999 |
_c222277 _d222277 |
||